=LDR 00000nam 2200000 4500 =001 INLIS000000000011678 =005 20130612103224 =008 ***********************************Ind** =035 ##$$0010-061300000011678 =041 ##$$a Ind =082 ##$$a 728 =090 ##$$a 728, Suh r =100 ##$$a Suharso =245 ##$$a Ruang tamu, Suharso =260 ##$$a 1997 $b Yogyakarta =300 ##$$a 35.hlm., ilus, 21 cm =650 ##$$a Arsitektur Ruangan =850 ##$$a NBPNMAT